Ceriospora Arecae Menon sp. novo. Part 1. (Record no. 46200)
[ view plain ]
| 000 -LEADER | |
|---|---|
| fixed length control field | 00268nam a2200109Ia 4500 |
| 100 ## - MAIN ENTRY--AUTHOR NAME | |
| Personal name | menon Radha |
| 245 #0 - TITLE STATEMENT | |
| Title | Ceriospora Arecae Menon sp. novo. Part 1. |
| 260 ## - PUBLICATION, DISTRIBUTION, ETC. (IMPRINT) | |
| Name of publisher | Arecanut Journal |
| 300 ## - PHYSICAL DESCRIPTION | |
| Number of Pages | 8-Jan |
| 942 ## - ADDED ENTRY ELEMENTS (KOHA) | |
| Koha item type | Reprints |
| Withdrawn status | Lost status | Damaged status | Not for loan | Home library | Current library | Date acquired | Serial Enumeration / chronology | Koha item type |
|---|---|---|---|---|---|---|---|---|
| Reprints | RRII Library | RRII Library | 22/12/2021 | Volume X, Issue 3 | Reprints |